000 00827nam a2200229 i 4500
001 115451
003 ES-MaACL
005 20250913153957.0
007 t|
008 070308s1930 sp ||||1| spa d
080 _a821.134.2-22"19"
100 1 _aSánchez de Neyra, Pedro.
_9102592
245 1 0 _aOrestes I
_b: Burla en nueve cuadros, dispuestos en cuatro actos y un epílogo /
_cP. Sánchez de Neyra y Felipe X. de Sandoval.
260 _aMadrid :
_bPrensa Moderna,
_c1930.
300 _a66 p. ;
_c17 cm.
490 1 _aEl Teatro moderno ;
_v278
500 _aEstrenada en el teatro Avenida, de Madrid, el 21 de noviembre de 1930.
700 1 _aXiménez de Sandoval, Felipe,
_d1903-1978
_9117510
830 0 3 _aEl teatro moderno (Prensa Moderna)
_v278
_9182365
852 _aES-MaACL
_jC-13122
999 _c115451
_d115451